Loading...
| Fine Arts - Auditory Fine Arts | 0 | 5 | 0 | 0 | 50 | 123 | 139.80 | 2 | 5 |
| Social Science | 0 | 4 | 1 | 3 | 35 | 118 | 129.50 | 0 | 4 |
| History - American History | 1 | 1 | 0 | 0 | 25 | 70 | 76.50 | 2 | 2 |
| Current Events | 1 | 1 | 0 | 0 | 25 | 31 | 53.00 | 1 | 2 |
| Fine Arts - Visual Fine Arts | 0 | 3 | 1 | 2 | 25 | 95 | 131.67 | 1 | 3 |
| History - Ancient History | 1 | 1 | 1 | 0 | 20 | 56 | 78.50 | 1 | 2 |
| Other Academic | 0 | 2 | 0 | 0 | 20 | 97 | 104.00 | 0 | 2 |
| Philosophy | 0 | 2 | 0 | 1 | 20 | 122 | 129.00 | 0 | 2 |
| History - European History | 0 | 2 | 1 | 0 | 15 | 95 | 97.50 | 0 | 2 |
| Literature - British Literature | 0 | 1 | 0 | 1 | 10 | 151 | 151.00 | 0 | 1 |
| Literature - American Literature | 0 | 1 | 0 | 0 | 10 | 116 | 116.00 | 0 | 1 |
| Religion | 0 | 2 | 2 | 0 | 10 | 129 | 130.00 | 0 | 2 |
| History - World History | 0 | 1 | 0 | 0 | 10 | 80 | 80.00 | 1 | 1 |
| Mythology | 0 | 1 | 1 | 1 | 5 | 149 | 149.00 | 0 | 1 |
| Geography | 1 | 0 | 3 | 0 | 0 | 61 | 61.00 | 1 | 1 |
| Literature - European Literature | 0 | 0 | 0 | 0 | 0 | 0.00 | 0 | 0 | |
| Science - Chemistry | 0 | 0 | 0 | 0 | 0 | 0.00 | 0 | 0 | |
| Science - Biology | 0 | 0 | 1 | 0 | -5 | 0.00 | 0 | 0 | |
| Science - Other Science | 0 | 0 | 1 | 0 | -5 | 0.00 | 0 | 0 |